000
00323nam a22001337a 4500
003
OSt
005
20231127212917.0
008
231127b |||||||| |||| 00| 0 eng d
040
_c
CO-JMCR
082
_a
N /
_b
LOPb
100
_a
López Narváez, Concha,
_e
autor
_9
42666
245
_a
Beltrán en el bosque /
942
_2
ddc
_c
BK
999
_c
30376
_d
16760